Normal view
MARC view
Entry Personal Name
001 - CONTROL NUMBER
- control field: 45138
003 - CONTROL NUMBER IDENTIFIER
- control field: dpl
005 - DATE AND TIME OF LATEST TRANSACTION
- control field: 20120416121701.0
008 - FIXED-LENGTH DATA ELEMENTS
- fixed length control field: 120416|||a|||||| | ||| d
040 ## - CATALOGING SOURCE
- Original cataloging agency: dpl
- Transcribing agency: dpl
100 ## - HEADING--PERSONAL NAME
- Personal name: प्रधान ,हेमचंद्र
670 ## - SOURCE DATA FOUND
- Source citation: Work cat.: (dpl)65005: श्रीराम गीत 39079, सृष्टिविज्ञान गाथा /, 2012
670 ## - SOURCE DATA FOUND
- Source citation: Work cat.: (dpl)65005: श्रीराम गीत 39079, सृष्टिविज्ञान गाथा /, 2012
